Ferdinand Lassalle ; reden und schriften, Tagebuch, Seelenbeichte /

Bibliographic Details
Main Author: Lassalle, Ferdinand, 1825-1864
Other Authors: Feigl, Hans, 1869-
Format: Book
Language:German
Published: Wien : C. Konegen, 1920.
Edition:4.-10. tausend.

MARC

Tag First Indicator Second Indicator Subfields
LEADER 00000cam a2200000 4500
001 in00000081485
005 20151008053001.0
008 791031s1920 au 00010 germ
010 |a  31019689  
035 |a (OCoLC)05631174 
035 |9 AAH5733AM 
040 |a DLC  |c KKU  |d KKU  |d TXA  |d UtOrBLW 
049 |a TXAM  |c [191219] 
050 0 |a HX276  |b .L22 
092 |a 335.081  |b L346 
100 1 |a Lassalle, Ferdinand,  |d 1825-1864. 
245 1 0 |a Ferdinand Lassalle ;  |b reden und schriften, Tagebuch, Seelenbeichte /  |c in auswahl herausgegeben nebst einer darstellung seines lebens und wirkens von Hans Feigl. 
250 |a 4.-10. tausend. 
264 1 |a Wien :  |b C. Konegen,  |c 1920. 
300 |a vii, 363 pages ;  |c 23 cm. 
336 |a text  |b txt  |2 rdacontent 
337 |a unmediated  |b n  |2 rdamedia 
338 |a volume  |b nc  |2 rdacarrier 
700 1 |a Feigl, Hans,  |d 1869- 
999 |a MARS 
999 f f |s 9dfffcea-91c3-3348-be25-92550874124f  |i 5f7fdbe0-d4d8-3d6e-9bc9-ee8744fd6ad9  |t 0 
952 f f |p ric  |a Texas A&M University  |b Rellis Campus  |c Joint Library Facility  |d Remote Storage  |t 0  |e HX276 .L22  |h Library of Congress classification  |i unmediated -- volume  |m A14800744570 
998 f f |a HX276 .L22  |t 0  |l Remote Storage